| 000 | 00479nam a2200181Ia 4500 | ||
|---|---|---|---|
| 008 | 240925s9999 xx 000 0 und d | ||
| 020 | _a618313850 | ||
| 082 | _a512.9 LAR | ||
| 100 | _aLarson, Ron ; Hostetler, Robert P. | ||
| 245 | 0 | _aCollege Algebra | |
| 250 | _a6th | ||
| 260 |
_aBoston: _bHoughton Mifflin Company _c,2004. |
||
| 300 |
_a479p. _b0 _fOriginal |
||
| 500 | _aIncludes Index | ||
| 600 | _aHumanities & Natural Science | ||
| 650 | _aMathematics | ||
| 942 | _cBK | ||
| 999 |
_c14596 _d14596 |
||